000 00418nam a2200169Ia 4500
005 20240618022746.0
008 240331s9999 xx 000 0 und d
082 _bGAN
_a891.48
100 _aGanesalingan, S
245 0 _aIrandavathu saathi
_cS.Ganeshalingan
260 _aChennai
_bKumaran Publishers
_c1999
300 _a192 p .,
650 _aSexual Arrestment
650 _aWoman
650 _aAbuse
942 _cL
999 _c3917
_d3917